000 01177cam a2200313 a 4500
999 _c1029
_d1029
001 3575236
003 OSt
005 20210623084559.0
008 990211s2000 maua b 001 0 eng
010 _a 99019936
020 _a0205308376
040 _aDLC
_cDLC
_dDLC
050 0 0 _aLB3013
_b.C53 2000
082 0 0 _a373.1102/4
_221
100 1 _aEmmer, Edmund T.
245 1 0 _aClassroom management for secondary teachers /
_cEdmund T. Emmer, Carolyn M. Evertson, Murray E. Worsham.
250 _a5th ed.
260 _aBoston :
_bAllyn and Bacon,
_cc2000.
300 _axii, 236 p. :
_bill. ;
_c24 cm.
500 _aRev. ed. of: Classroom management for secondary teachers / Edmund T. Emmer ... [et al.]. 4th ed. c1997.
504 _aIncludes bibliographical references (p. 227-231) and index.
650 0 _aClassroom management.
650 0 _aEducation, Secondary.
700 1 _aEvertson, Carolyn M.,
_d1935-
700 1 _aWorsham, Murray E.
906 _a7
_bcbc
_corignew
_d1
_eocip
_f19
_gy-gencatlg
942 _2lcc
_cBK
_nJE